000
00348nam a2200133Ia 4500
008
151213s9999 xx 000 0 und d
100
_a
Harold Bloom
245
_a
Alfred Lord Tennyson : Blows Major Poets.
_c
Harold Bloom
260
_a
U S A
_b
Harold Bloom
_c
1999
300
_a
1890 p.
650
_a
English
700
_a
Harold Bloom
999
_c
1395
_d
1395